| 000 | 00576nam a22002417a 4500 | ||
|---|---|---|---|
| 005 | 20240624131343.0 | ||
| 008 | 190322b xxu||||| |||| 00| 0 spa d | ||
| 020 | _a9788492480746 | ||
| 041 | _aESP | ||
| 082 | _a759.972 F898f | ||
| 245 | _aFrida Kahlo: sus fotos | ||
| 260 | _aEspaña | ||
| 260 | _bRM Verlag | ||
| 260 | _c2017 | ||
| 300 | _a522 páginas | ||
| 650 | _aFRIDA KAHLO | ||
| 650 | _aPINTORES MEXICANOS | ||
| 650 | _aFOTOGRAFÍA ARTÍSTICA | ||
| 650 | _aCOLECCIONES FOTOGRÁFICAS | ||
| 650 | _aARTE MEXICANO | ||
| 942 |
_cBK _2ddc |
||
| 999 |
_c11762 _d11762 |
||